|
|
|
|
| LEADER |
00930cam a2200253 a 4500 |
| 001 |
c000298220 |
| 003 |
CARM |
| 005 |
20090603183416.0 |
| 008 |
710329s1970 enka b 001 0 eng |
| 015 |
|
|
|a B70-27112
|
| 019 |
1 |
|
|a 358404
|z 47371790
|5 LACONCORD2021
|
| 020 |
|
|
|a 009457300X :
|c 35/-
|
| 035 |
|
|
|a (OCoLC)130698
|5 LACONCORD2021
|
| 082 |
0 |
0 |
|a 641
|
| 100 |
1 |
|
|a Wijk, Olof.
|
| 245 |
1 |
0 |
|a Eat at pleasure :
|b drink by measure /
|c compiled and edited by Olof Wijk ; illustrated by Yvonne Skargon.
|
| 260 |
|
|
|a London :
|b Constable,
|c 1970.
|
| 300 |
|
|
|a 192 p. :
|b illus ;
|c 23 cm.
|
| 504 |
|
|
|a Bibliography: p. 192.
|
| 650 |
|
0 |
|a Cooking, International.
|
| 650 |
|
0 |
|a Wine and wine making.
|
| 852 |
8 |
|
|b CARM
|h A3:AD14A0
|i B11288
|p 0541835
|f BK
|
| 999 |
f |
f |
|i 6e9b8fb7-7061-5fe0-bff3-d9342862bd17
|s 42cd8c32-47aa-556d-9bd3-42428666ee77
|
| 952 |
f |
f |
|p Can circulate
|a CAVAL
|b CAVAL
|c CAVAL
|d CARM 1 Store
|e B11288
|f A3:AD14A0
|h Other scheme
|i book
|m 0541835
|